| 000 | 01388nam a2200325 a 4500 | ||
|---|---|---|---|
| 001 | 000047557 | ||
| 003 | DO-SdBNP | ||
| 005 | 20250307093402.0 | ||
| 008 | 150206s2008 dr ac r 000 0 spa d | ||
| 020 | _a9789945443363 (v. 109) | ||
| 040 |
_aDO-SdBNP _bspa _cBNPHU |
||
| 082 |
_aRD860.8 _bC744ob, 2007 |
||
| 111 | 2 |
_aConcurso de Arte y Literatura Bancentral _n(11 : _d2007 : _cSanto Domingo, República Dominicana) _975196 |
|
| 245 | 1 | 0 |
_aObras premiadas : undécimo concurso de arte y literatura Bancentral 2007 / _cpresentación Clarissa de la Rocha de Torres. |
| 260 |
_aSanto Domingo : _bBanco Central de la República Dominicana, _c2008. |
||
| 300 |
_a108 p. : _bil., retrs. ; _c24 cm. |
||
| 490 | 1 |
_aBanco Central de la República Dominicana ; _v109 ; |
|
| 490 | 1 |
_aObras premiadas ; _v11 ; |
|
| 500 | _aIncluye notas a pie de páginas | ||
| 590 | _aInventariado, 2018/YL | ||
| 650 | 4 |
_aCertámenes literarios _ySIGLO XXI _943523 |
|
| 650 | 0 |
_aLiteratura dominicana _ySiglo XXI _943524 |
|
| 650 | 4 |
_aPremios literarios _ySIGLO XXI _943525 |
|
| 650 | 4 |
_aArte y literatura _ySIGLO XXI _975187 |
|
| 700 | 1 |
_aRocha de Torres, Clarissa de la _epres. _975197 |
|
| 710 | 2 |
_aBanco Central de la República Dominicana _983405 |
|
| 830 | 0 |
_aBanco Central de la República Dominicana. _v109 _pObras premiadas _n11 _975199 |
|
| 910 | _aValidado. Control de calidad MFF | ||
| 942 |
_2ddc _cLBS1 |
||
| 999 |
_c47045 _d47045 |
||